000 00343nam a2200157Ia 4500
999 _c54823
_d54823
003 0100
005 20190123123502.0
008 130303s9999 xx 000 0 und d
040 _cARRUPELIB
050 _aDS66.G8
100 _aGurney, Oliver Robert
_944073
245 4 _aThe Hittites
260 _aBaltimore MD
260 _bPenguin Bks.
260 _c1952
300 _a239p
650 _aHittites
_944074
942 _2lcc
_cMONOGRAPH